000
00330nam a22001457a 4500
003
SGT
020
_a
978-93-80704-19-7
082
_a
616.07
_b
E12K
100
_a
KAWTHALKAR, SHIRISH.M
245
_a
ESSENTIAL OF CLINICAL PATHOLOGY
260
_a
NEW DELHI
_b
JAYPEE
_c
2012
300
_a
376
650
_a
PHARMACY
942
_2
ddc
_c
BK
999
_c
11069
_d
11069